Cooperation (Record no. 31460)

MARC details
000 -LEADER
fixed length control field 00288nam a2200121Ia 4500
082 ## - DEWEY DECIMAL CLASSIFICATION NUMBER
Classification number 334
Item number VEN
100 ## - MAIN ENTRY--AUTHOR NAME
Personal name VENUGOPAL, P V
245 #0 - TITLE STATEMENT
Title Cooperation
260 ## - PUBLICATION, DISTRIBUTION, ETC. (IMPRINT)
Place of publication Kottayam
Name of publisher Vidyarthimithram
Year of publication 1978
650 ## - SUBJECT ADDED ENTRY--TOPICAL TERM
Topical Term Cooperation
942 ## - ADDED ENTRY ELEMENTS (KOHA)
Koha item type Books
Holdings
Withdrawn status Lost status Damaged status Not for loan Home library Current library Shelving location Date acquired Full call number Accession Number Koha item type
        RRII Library RRII Library Malayalam 16/12/2021 334 VEN 12005 Books